000 01110nam0a22002651 4500
001 rc\442314
005 20030616171241.5
035 _a(NLR Aleph) 005688078
090 _a7145967
_c7145967
100 _a20030616d1987 u |0rusy50 ca
101 0 _arus
102 _aRU
105 _ay |||||||||
200 1 _aКонкретно, наступательно, творчески
_e(Из опыта атеист. пропаганды в Одес. обл.)
_f[Подгот. А.С. Семенец, к. филос. н.]
_gО-во "Знание" УССР, Респ. дом науч. атеизма, Одес. обл. орг. о-ва "Знание"
210 _aКиев
_cБ. и.
_d1987
215 _a[1], 31 с.
_d20
225 1 _aВ помощь пропагандисту научного атеизма
320 _aБиблиогр.: с. 30
700 1 _aСеменец
_bА. С.
712 0 2 _aУкраинский респ. дом науч. атеизма
_cКиев
_3RU\NLR\AUTH\889940464
801 0 _aRU
_bNLR
_gpsbo
801 1 _aRU
_bELAR
_2rusmarc
852 _aNLR
_j88-4/21436
942 _cBOOK
980 _aNB